Влиятельные универсанты (Запись № 1545109)

Подробности
000 -МАРКЕР
контрольное поле 01732nam0a2200325 4500
001 - ИДЕНТИФИКАТОР ЗАПИСИ
контрольное поле RU\NLR\bibl\1175626
005 - ИДЕНТИФИКАТОР ВЕРСИИ
контрольное поле 20260407173242.0
010 ## - МЕЖДУНАРОДНЫЙ СТАНДАРТНЫЙ НОМЕР КНИГИ (ISBN)
Номер (ISBN) 978-5-98104-023-8
Тираж 1000
021 ## - НОМЕР ГОСУДАРСТВЕННОЙ РЕГИСТРАЦИИ
Код страны российская федерация
Номер 2007-81817
Номер Листа государственной регистраци 4410
035 ## - ДРУГИЕ СИСТЕМНЫЕ НОМЕРА
Идентификатор записи (NLR Aleph) 001162281
100 ## - ДАННЫЕ ОБЩЕЙ ОБРАБОТКИ
Данные общей обработки 20080114d2007 |||y0rusy50 ca
101 0# - ЯЗЫК РЕСУРСА
Язык текста, звукозаписи и т.д. русский
102 ## - СТРАНА ПУБЛИКАЦИИ ИЛИ ПРОИЗВОДСТВА
Страна публикации российская федерация
105 ## - ПОЛЕ КОДИРОВАННЫХ ДАННЫХ: ТЕКСТОВЫЕ МАТЕРИАЛЫ, МОНОГРАФИЧЕСКИЕ
Кодированные данные о монографическом текстовом документе a |||||||||
200 1# - ЗАГЛАВИЕ И СВЕДЕНИЯ ОБ ОТВЕТСТВЕННОСТИ
Основное заглавие Влиятельные универсанты
Сведения, относящиеся к заглавию питомцы Ленинградского - Санкт-Петербургского университета
-- кто есть кто
-- [именной указатель]
Первые сведения об ответственности С.-Петерб. гос. ун-т, Культ. фонд "Знаменитые универсанты СПбГУ"
Последующие сведения об ответственности [авт.-сост.: Н.Я. Олесич, проф. и др.]
205 ## - СВЕДЕНИЯ ОБ ИЗДАНИИ
Сведения об издании Изд. 2-е
210 ## - ПУБЛИКАЦИЯ, РАСПРОСТРАНЕНИЕ И ДР.
Место издания, распространения и т.д. Санкт-Петербург
Имя издателя, распространителя и т. д. Знаменитые универсанты
Дата издания, распространения и т.д. 2007
215 ## - ФИЗИЧЕСКАЯ ХАРАКТЕРИСТИКА
Специфическое обозначение материала и объем 243 с.
Другие сведения о физической характеристике цв. ил., портр.
Размеры 24
320 ## - ПРИМЕЧАНИЯ О НАЛИЧИИ В ДОКУМЕНТЕ БИБЛИОГРАФИИ / УКАЗАТЕЛЯ
Текст примечания Указ. имен: с. 201-206
601 02 - НАИМЕНОВАНИЕ ОРГАНИЗАЦИИ КАК ПРЕДМЕТ
Начальный элемент ввода Санкт-Петербургский государственный университет
Тематический подзаголовок Выпускники
Системный номер авторитетной/нормативной записи 2280403
Идентификатор авторитетной/нормативной записи RU\NLR\auth\661366291
686 ## - ИНДЕКСЫ ДРУГИХ КЛАССИФИКАЦИЙ
Индекс Ч484(2)711.9-Петербургский
686 ## - ИНДЕКСЫ ДРУГИХ КЛАССИФИКАЦИЙ
Индекс Ч481.448
702 #1 - ИМЯ ЛИЦА - ВТОРИЧНАЯ ОТВЕТСТВЕННОСТЬ
Код отношения Автор
Графика поля Кириллица
Материалы, к которым относится поле rus
Начальный элемент ввода Олесич
Часть имени, кроме начального элемента ввода Н. Я.
Расширение инициалов личного имени Нинэль Яковлевна
Системный номер авторитетной/нормативной записи 142447
Идентификатор авторитетной/нормативной записи RU\NLR\AUTH\770142483
712 02 - НАИМЕНОВАНИЕ ОРГАНИЗАЦИИ - ВТОРИЧНАЯ ОТВЕТСТВЕННОСТЬ
Код отношения Прочие
Начальный элемент ввода Санкт-Петербургский государственный университет
Структурное подразделение Культурный фонд "Знаменитые универсанты СПбГУ"
Идентификатор авторитетной/нормативной записи RU\NLR\AUTH\8810110243
Системный номер авторитетной/нормативной записи 720450
801 #0 - ИСТОЧНИК ЗАПИСИ
Страна российская федерация
Организация NLR
Дата составления 20080114
Правила каталогизации RCR
801 #1 - ИСТОЧНИК ЗАПИСИ
Страна российская федерация
Организация NLR
Дата составления 20080114
942 ## - ДОПОЛНИТЕЛЬНЫЕ ЭЛЕМЕНТЫ ЗАПИСИ (АБИС)
Тип экземпляра АБИС Книга
980 ## - КОЛЛЕКЦИЯ
Название коллекции Национальная библиография
Экземпляры
Тип экземпляра Дата поступления Источник поступления Библиотека постоянного хранения Библиотека текущего хранения Место хранения Шифр хранения Штрих-код Статус не для выдачи
Книга 14.01.2008 Обязательный экземпляр РНБ (Московский) РНБ (Московский) Центральная справочная библиотека С 2008-3/1 1-673052  
Книга 14.01.2008 Обязательный экземпляр РНБ (Московский) РНБ (Московский) Центральная справочная библиотека С 2008-3/1 1-673056